Membrane Systems : For Bioartificial Organs and Regenerative Medicine /
Membrane processes today play a signifi cant role in the replacement therapy for acute and chronic organ failure diseases. Current extracorporeal blood purifi cation and oxygenation devices employ membranes acting as selective barriers for the removal of endogeneous and exogeneous toxins and for gas...
Gespeichert in:
| Hauptverfasser: | , , |
|---|---|
| Format: | E-Book |
| Sprache: | Englisch |
| Veröffentlicht: |
Berlin ; Boston :
De Gruyter,
2017
|
| Schlagworte: | |
| ISBN: | 9783110268010 |
| Online-Zugang: |
|
| Tags: |
Tag hinzufügen
Keine Tags, Fügen Sie den ersten Tag hinzu!
|
MARC
| LEADER | 00000nam a22000005i 4500 | ||
|---|---|---|---|
| 003 | SK-BrCVT | ||
| 005 | 20220618103613.0 | ||
| 006 | m|||||o||d|||||||| | ||
| 007 | cr || |||||||| | ||
| 008 | 191221s2017 gw fo d z eng d | ||
| 020 | |a 9783110268010 | ||
| 024 | 7 | |a 10.1515/9783110268010 |2 doi | |
| 035 | |a CVTIDW15582 | ||
| 040 | |a DeGruyter |b eng |c CVTISR |e AACR2 | ||
| 041 | 0 | |a eng | |
| 044 | |a gw |c DE | ||
| 080 | |a 61 |2 2011 | ||
| 100 | 1 | |a De Bartolo, Loredana, |4 aut. |4 aut | |
| 245 | 1 | 0 | |a Membrane Systems : |b For Bioartificial Organs and Regenerative Medicine / |c Loredana De Bartolo, Efrem Curcio, Enrico Drioli. |
| 260 | |a Berlin ; |a Boston : |b De Gruyter, |c 2017 | ||
| 300 | |a 1 online resource (X, 264 p.) | ||
| 505 | 0 | 0 | |t Frontmatter -- |t Preface -- |t Contents -- |t 1 Natural and synthetic membranes -- |t 2 Basic issues in membrane separation for biomedical devices -- |t 3 Artificial organs -- |t 4 Blood-membrane interactions -- |t 5 Engineering of membrane bio-hybrid organs -- |t 6 Cell-membrane interactions -- |t 7 Membrane bioartificial organs -- |t 8 Regulatory framework and ethical issues -- |t Index |
| 516 | |a text file PDF | ||
| 520 | |a Membrane processes today play a signifi cant role in the replacement therapy for acute and chronic organ failure diseases. Current extracorporeal blood purifi cation and oxygenation devices employ membranes acting as selective barriers for the removal of endogeneous and exogeneous toxins and for gas exchange, respectively. Additionally, membrane technology offers new interesting opportunities for the design of bioartificial livers, pancreas, kidneys, lungs etc. This book reviews the latest developments in membrane systems for bioartificial organs and regenerative medicine, investigates how membrane technology can improve the quality and efficiency of biomedical devices, and highlights the design procedures for membrane materials covering the preparation, characterization, and sterilization steps as well as transport phenomena. The different strategies pursued for the development of membrane bioartifi cial organs, including crucial issues related to blood/cell-membrane interactions are described with the aim of opening new and exciting frontiers in the coming decades. The book is a valuable tool for tissue engineers, clinicians, biomaterials scientists, membranologists as well as biologists and biotechnologists. It is also a source of reference for students, academic and industrial researchers in the topic of biotechnology, biomedical engineering, materials science and medicine. | ||
| 650 | 0 | |a Membranes (Biology). | |
| 650 | 4 | |a Bioartificial Organs. | |
| 650 | 4 | |a Biomaterialien. | |
| 650 | 4 | |a Biomedical Technology. | |
| 650 | 4 | |a Chemische Technik. | |
| 650 | 4 | |a Materials Science. | |
| 650 | 4 | |a Materialwissenschaften. | |
| 650 | 4 | |a Molecular Biology. | |
| 650 | 4 | |a Regenerative Medicine. | |
| 650 | 4 | |a Regenerative Medizin. | |
| 650 | 7 | |a MEDICAL / Allied Health Services / Medical Technology. |2 bisacsh | |
| 700 | 1 | |a Curcio, Efrem, |4 aut. |4 aut |4 http://id.loc.gov/vocabulary/relators/aut. | |
| 700 | 1 | |a Drioli, Enrico, |4 aut. |4 aut |4 http://id.loc.gov/vocabulary/relators/aut. | |
| 856 | 4 | 0 | |u http://hanproxy.cvtisr.sk/han/cvti-ebook-degruyter-isbn-9783110268010 |y Vzdialený prístup pre registrovaných používateľov |
| 910 | |b ZE12805 | ||
| 959 | |a 56 | ||
| 974 | |f Elektronické zdroje | ||
| 999 | |c 246651 |d 246651 | ||

